Udržateľnosť verejných financií v krajinách EÚ ako nevyhnutný predpoklad východiska z krízy

Deficit verejných financií v krajinách Európskej únie počas krízy. Dlhová kríza v Grécku. Európsky nástroj finančnej stabilizácie. Dohľad nad finančným trhom. Európsky výbor pre systémové riziká. Nový medzinárodný súbor pravidiel Bazilej III. Myšlienka dane na finančné operácie.

Salvato in:
Dettagli Bibliografici
Autore principale: Gonda, Vladimír
Natura: Capitolo di libro
Lingua:slovacco
Soggetti:
Tags: Aggiungi Tag
Nessun Tag, puoi essere il primo ad aggiungerne!!

MARC

LEADER 00000naa$a2200000$$$4500
001 0134681
005 20240502083326.8
041 0 |a slo 
044 |a UA 
245 1 0 |a Udržateľnosť verejných financií v krajinách EÚ ako nevyhnutný predpoklad východiska z krízy  |c V. Gonda 
520 |a Deficit verejných financií v krajinách Európskej únie počas krízy. Dlhová kríza v Grécku. Európsky nástroj finančnej stabilizácie. Dohľad nad finančným trhom. Európsky výbor pre systémové riziká. Nový medzinárodný súbor pravidiel Bazilej III. Myšlienka dane na finančné operácie. 
610 2 0 |a financie verejné 
610 2 0 |a trh finančný 
610 2 0 |a kríza finančná 
610 2 0 |a dlhy verejné 
610 2 0 |a zadlženosť 
610 2 0 |a dohľad nad finančným trhom 
610 2 0 |a Európska únia 
100 1 |a Gonda, Vladimír